Asia Human Geography - Statistiques

Statistiques générales
  • Ce quiz a été pris 24 fois
  • Le résultat moyen est 10 sur 22
Statistiques - réponses
Country Capital % Correct
Thailand Bangkok
75%
India New Delhi
75%
South Korea Seoul
75%
Japan Tokyo
75%
Turkey Ankara
63%
Syria Damascus
63%
China Beijing
50%
Vietnam Hanoi
50%
Pakistan Islamabad
50%
Cyprus Nicosia
50%
North Korea Pyongyang
50%
Singapore Singapore
50%
Iraq Baghdad
38%
Kuwait Kuwait City
38%
Philippines Manila
38%
Cambodia Phnom Penh
38%
Taiwan Taipei
38%
Bangladesh Dhaka
25%
Afghanistan Kabul
25%
Maldives Malé
25%
Saudi Arabia Riyadh
25%
Mongolia Ulaanbaatar
13%
Aucun quiz correspondant
Distribution des résultats
% des personnes avec chaque résultat
Percentile par nombre de réponses
Votre historique - résultats
Vous n’avez pas pris ce quiz